=LDR 00000nam 2200000 4500 =001 INLIS000000000036551 =005 20160310141721.0 =006 =007 =008 Ind =035 ##$$0010-061300000036551 =041 ##$$a Ind =082 ##$$a F Rom K =090 ##$$a F Rom K, Ber a =100 ##$$a Bergen, Lara =245 ##$$a Aurora and diamond crown, aurora dan mahkota berlian, Lara Bergen ; alih bahasa, Ramayanti =260 ##$$a 2009 $b Jakarta =300 ##$$a 23 hlm, ilus, 26 cm =650 ##$$a Fiksi kanak-kanak =700 ##$$a Ramaynti =850 ##$$a NBPNMAT =990 ##$$a 21400546/BPAP-NTB/2014 =990 ##$$a 21400613/BPAP-NTB/20142014 =990 ##$$a 21400613/BPAP-NTB/20142014 =990 ##$$a 0001/BPAP-NTB/20142015